University Home | Library Home | Institutional Repository

Problems of development. (Record no. 169737)

MARC details
000 -LEADER
fixed length control field 00717cam0a220024100 4500
001 - CONTROL NUMBER
control field zam00002646
008 - FIXED-LENGTH DATA ELEMENTS--GENERAL INFORMATION
fixed length control field 951128s1977 xx eng u
035 ## - SYSTEM CONTROL NUMBER
System control number (Sirsi) r19996
035 ## - SYSTEM CONTROL NUMBER
System control number (MACHINE)SLC.
100 ## - MAIN ENTRY--PERSONAL NAME
Personal name Sahasrabudhe, U.
Linkage A81153.1
245 10 - TITLE STATEMENT
Title Problems of development.
260 ## - PUBLICATION, DISTRIBUTION, ETC.
Date of publication, distribution, etc. 1977.
591 ## -
-- Class code: PA 410.
591 ## -
-- Course: Development administration.
591 ## -
-- School: S05.
591 ## -
-- Lecturer: Dr. MUSHOTA, R.T.
591 ## -
-- Number of Students: 101.
949 ## - LOCAL PROCESSING INFORMATION (OCLC)
a SAHI-3PRO
w lcc
i -18230
m MAIN
t BOOK
l ON-SHELF
949 ## - LOCAL PROCESSING INFORMATION (OCLC)
a SAHI-3PRO
w lcc
i -18231
m MAIN
t BOOK
l ON-SHELF
900 ## - EQUIVALENCE OR CROSS-REFERENCE-PERSONAL NAME [LOCAL, CANADA]
-- MAIN
Field link and sequence number SAHI-3PRO
Titles and other words associated with a name 2
909 ## -
-- Reprint

No items available.

© 2026 - The University of Zambia Library - Koha v25.11